Missing Word: Ridley Scott Quiz Stats

 Plays Quiz Updated Nov 21, 2017

Score 0/15 Timer 01:30
0 Plays Today
Movie Title Missing Word % Correct
Blade _____Runner
99.5%
Black Hawk _____Down
96.8%
_____ & LouiseThelma
96.4%
Robin _____Hood
93%
G.I. _____Jane
87.5%
Matchstick _____Men
72.4%
_____ GangsterAmerican
70.5%
_____: CovenantAlien
43.2%
Movie Title Missing Word % Correct
_____ of HeavenKingdom
38.5%
_____ of LiesBody
35.8%
_____ RainBlack
34.9%
_____ SquallWhite
29.8%
Exodus: Gods and _____Kings
28.9%
1492: Conquest of _____Paradise
16.7%
A Good _____Year
14.8%

Today's Daily Dose

Missing Word
Wicked Songs

Word Ladder
Blue Ivies

Get the Picture
Green on the Flag?

You're not logged in!

Compare scores with friends on all Sporcle quizzes.
OR
Log In

You Might Also Like...

Show Comments

Extras

Top Quizzes Today


Score Distribution

Your Account Isn't Verified!

In order to create a playlist on Sporcle, you need to verify the email address you used during registration. Go to your Sporcle Settings to finish the process.

Report this User

Report this user for behavior that violates our Community Guidelines.

Details: